Feminizacin̤ y pedagoga̕s feministas Museos interactivos, ferias de ciencia y comunidades de software libre en el sur global /

Bibliographic Details
Main Author: Přez-Bustos, Tania
Format: eBook
Language:Spanish
Published: Bogot:̀ Pontificia Universidad Javeriana, 2015
Subjects:
Online Access:Acceso restringido

MARC

LEADER 00000nam a22000007a 4500
005 20201211234546.0
007 cr|||| ||||
008 201211s2015 co |||||s|||| 00||0 spa d
020 |a 978-958-716-763-4 
035 |a 32371 
040 |a vLex 
090 |c 10952  |d 10952 
100 1 |a Přez-Bustos, Tania 
245 1 0 |a Feminizacin̤ y pedagoga̕s feministas  |h [Recurso electrn̤ico] :  |b Museos interactivos, ferias de ciencia y comunidades de software libre en el sur global /  |c Tania Přez-Bustos 
256 |a Servicio en ln̕ea 
260 |a Bogot:̀  |b Pontificia Universidad Javeriana,  |c 2015 
300 |a 1 recurso electrn̤ico 
500 |a La obra explora el territorio de la popularizacin̤ de la ciencia y la tecnologa̕ como una prc̀tica educativa. El trabajo plantea que la popularizacin̤ est ̀feminizada en dos sentidos. Por una parte muestra cm̤o la participacin̤ de mujeres como popularizadoras de ciencia y tecnologa̕ es un sn̕toma del papel subordinado que ha sido asignado a estas prc̀ticas educativas en relacin̤ con una produccin̤ de conocimiento cientf̕ico de caracters̕ticas androcňtricas. Por otra parte, la obra se pregunta por los mecanismos de resistencia, oposicin̤ y transgresin̤ que habitan las experiencias de vida de mujeres popularizadoras que se tejen como respuesta a la subordinacin̤ de sus apuestas educativas. 
506 1 |a Disponible solo en los productos indicados  |d vLex Global  |d vLex Global (Academic Edition, excluding Law Schools)  |d vLex Global (U.S. Academic Edition, Law Schools)  |d vLex Global (U.S. Academic Edition, excluding Law Schools)  |d vLex Global (Academic Edition, Law Schools) 
650 0 4 |a Ciencias sociales  |z Colombia 
650 0 4 |a Ciencia polt̕ica  |z Colombia 
650 0 4 |a Sociologa̕  |z Colombia 
650 0 4 |a Humanidades  |z Colombia 
740 0 |a vLex Libros (Servicio en ln̕ea) 
856 4 0 |u http://vlex.com/source/feminizacion-y-pedagogias-feministas-museos-interactivos-ferias-de-ciencia-y-comunidades-de-software-libre-en-el-sur-global-32371  |z Acceso restringido 
942 |c BOOK 
999 0 |a Social Sciences 
999 0 |a Political science 
999 0 |a Sociology 
999 0 |a Humanities